Spanish - Named U.S. Cities by Rough Translation - Statistics

General Stats
  • This quiz has been taken 1,291 times
  • The average score is 15 of 22
Answer Stats
Translation State City % Correct
The Angels CA Los Angeles
100%
Saint Anthony TX San Antonio
91%
Saint Francis CA San Francisco
89%
Saint Joseph CA San Jose
89%
Saint Monica CA Santa Monica
89%
Saint Rose CA Santa Rosa
85%
Saint Anna CA Santa Ana
83%
Saint Claire CA Santa Clara
82%
Table AZ Mesa
78%
Yellow TX Amarillo
77%
The Meadows NV Las Vegas
69%
Saint Bernard CA San Bernardino
69%
Modest CA Modesto
68%
Saint Matthew CA San Mateo
67%
The Crosses NM Las Cruces
62%
Town CO Pueblo
57%
Reindeer NV Reno
48%
Ford TX El Paso
43%
Ranch River NM Rio Rancho
41%
Flat TX Plano
38%
Ash Trees CA Fresno
21%
Salt Marsh CA Salinas
9%
No matching quizzes found
Score Distribution
Percent of People with Each Score
Percentile by Number Answered
Your Score History
You have not taken this quiz